El libro de la sociedad en el tiempo y el espacio 8 /
Guardado en:
| Autor Principal: | |
|---|---|
| Otros Autores: | , , , , , |
| Formato: | Libro |
| Publicado: |
Buenos Aires :
Estrada,
1997
|
| Series: | Educación general básica
|
| Materias: | |
| Etiquetas: |
Agregar Etiqueta
Sin Etiquetas, Sea el primero en etiquetar este registro!
|
| LEADER | 01230nam a22003495a 4500 | ||
|---|---|---|---|
| 001 | CEM.cems009712 | ||
| 005 | 20080228091604.0 | ||
| 008 | 130507s1997##################000#0#####d | ||
| 003 | CEMS | ||
| 020 | |a 9500106728 | ||
| 082 | 0 | 4 | |a Z302 |
| 100 | 1 | |a Barros, Claudia | |
| 245 | 1 | 0 | |a El libro de la sociedad en el tiempo y el espacio 8 / |c Claudia Barros ... [et Al.] |
| 260 | |a Buenos Aires : |b Estrada, |c 1997 | ||
| 300 | |a 303 p. | ||
| 490 | 0 | |a Educación general básica | |
| 500 | |a Para 8°año Egb | ||
| 505 | 0 | |a Las actividades humanas y la organización social -- Las sociedades y los espacios geográficos -- Las sociedades a través del tiempo | |
| 653 | |a Ciencias sociales | ||
| 653 | |a Ciencias sociales-8°egb | ||
| 653 | |a Historia | ||
| 653 | |a Geografía | ||
| 653 | |a Sociedad | ||
| 700 | 1 | |a Boixadós, Roxana | |
| 700 | 1 | |a Schaposchnik, Ana | |
| 700 | 1 | |a Figueiras, Ricardo | |
| 700 | 1 | |a Saab, Jorge | |
| 700 | 1 | |a Gil Lozano, Claudia | |
| 700 | 1 | |a Fradkin, Raúl | |
| 859 | |a CEMS |b BIB. CEMS - 11 de abril |h Z302 |i B278 |p 19987.98 |t Ej.1 |v 8° |3 8° | ||
| 859 | |a CEMS |b BIB. CEMS - 11 de abril |h Z302 |i B278 |p 20702.00 |t Ej.2 |v 8° |3 8° | ||
| 859 | |a CEMS |b BIB. CEMS - 11 de abril |h Z302 |i B278 |p 20703.00 |t Ej.3 |v 8° |3 8° | ||
